Հայնրիխ Հայնեն և հայ գրականությունը / (Record no. 345013)
[ view plain ]
| 000 -LEADER | |
|---|---|
| fixed length control field | 01063nam a2200265 a 4500 |
| 001 - CONTROL NUMBER | |
| control field | 001061054 |
| 003 - CONTROL NUMBER IDENTIFIER | |
| control field | AM-YeHGA |
| 005 - DATE AND TIME OF LATEST TRANSACTION | |
| control field | 20250618074351.0 |
| 008 - FIXED-LENGTH DATA ELEMENTS--GENERAL INFORMATION | |
| fixed length control field | 150317s2007 ai r 000 0 arm d |
| 020 ## - INTERNATIONAL STANDARD BOOK NUMBER | |
| International Standard Book Number | 9789993048206 |
| 040 ## - CATALOGING SOURCE | |
| Original cataloging agency | AM-YeHGA |
| 041 0# - LANGUAGE CODE | |
| Language code of text/sound track or separate title | arm |
| 090 ## - LOCALLY ASSIGNED LC-TYPE CALL NUMBER (OCLC); LOCAL CALL NUMBER (RLIN) | |
| -- | 346811 |
| 100 1# - MAIN ENTRY--PERSONAL NAME | |
| Personal name | Մարգարյան, Նազելի Խաչիկի |
| 245 10 - TITLE STATEMENT | |
| Title | Հայնրիխ Հայնեն և հայ գրականությունը / |
| Statement of responsibility, etc. | Նազելի Մարգարյան. |
| 246 15 - VARYING FORM OF TITLE | |
| Title proper/short title | Heinrich Heine und armenische Literatur |
| 246 15 - VARYING FORM OF TITLE | |
| Title proper/short title | Генрих Гайне и армянская литература |
| 260 ## - PUBLICATION, DISTRIBUTION, ETC. | |
| Place of publication, distribution, etc. | Երևան : |
| Name of publisher, distributor, etc. | Հեղ. հրատ., |
| Date of publication, distribution, etc. | 2007. |
| 300 ## - PHYSICAL DESCRIPTION | |
| Extent | 181 էջ. |
| 500 ## - GENERAL NOTE | |
| General note | Գիրքը Նվիրում եմ հորս՝ Խաչիկ Վահանի Մարգարյանի հիշատակին |
| 504 ## - BIBLIOGRAPHY, ETC. NOTE | |
| Bibliography, etc. note | Մատենագիտ. էջ՝ 177-180 |
| 600 14 - SUBJECT ADDED ENTRY--PERSONAL NAME | |
| Personal name | Հայնե, Հայնրիխ, |
| Dates associated with a name | 1797-1856 |
| 9 (RLIN) | 4069 |
| 650 14 - SUBJECT ADDED ENTRY--TOPICAL TERM | |
| Topical term or geographic name entry element | Գերմանական գրականություն |
| 9 (RLIN) | 5149 |
| 650 14 - SUBJECT ADDED ENTRY--TOPICAL TERM | |
| Topical term or geographic name entry element | Հայ գրականության պատմություն |
| 9 (RLIN) | 4711 |
| Withdrawn status | Lost status | Damaged status | Not for loan | Collection | Home library | Current library | Date acquired | Cost, normal purchase price | Shelving control number | Total checkouts | Full call number | Barcode | Date last seen | Price effective from | Koha item type | Public note |
|---|---|---|---|---|---|---|---|---|---|---|---|---|---|---|---|---|
| General | Fundamental Scientific Library | Fundamental Scientific Library | 09/01/2017 | 2000.00 | AII/100332 | FL0327877 | 09/01/2017 | 09/01/2017 | Գրքեր / Books | 30 Days Loan | ||||||
| General | Fundamental Scientific Library | Fundamental Scientific Library | 09/01/2017 | 2000.00 | AII/100333 | FL0327878 | 09/01/2017 | 09/01/2017 | Գրքեր / Books | 30 Days Loan | ||||||
| General | Fundamental Scientific Library | Fundamental Scientific Library | 09/01/2017 | 2000.00 | AII/100334 | FL0327879 | 09/01/2017 | 09/01/2017 | Գրքեր / Books | 30 Days Loan |
ՀՀ Գիտությունների ազգային ակադեմիայի հիմնարար գիտական գրադարան = Fundamental Scientific Library of NAS RA
All site content, except where otherwise noted, is licensed under a